000 00621nam a2200205Ii 4500
003 JO-AjNU
008 230605s9999||||xx |||||||||||||| ||und||
040 _aJO-AjNU
_bara
_erda
_cJO-AjNU
041 _aara
050 1 4 _aDS37.2.V9232 1994
100 3 _aعودات، جميل,
_eauthor
_920428
245 0 0 _aاعلام نهضة العرب في القرن العشرين
250 _aط2
264 3 1 _aعمان: د.ن، 1994
300 _a230ص
336 _atext
_btxt
_2rdacontent
337 _aunmediated
_bn
_2rdamedia
338 _avolume
_bnc
_2rdacarrier
650 4 _aاعلام العرب - تراجم
_920429
999 _aA6922
_c10490
_d10490